000 01026nam a2200289Ma 4500
001 on1026105130
005 20181102110735.0
008 181031s2007 ag 000 0 spa d
020 _a9789871238330
020 _a9871238339
035 _a(OCoLC)1026105130
040 _aCo-BoUCM
_bspa
_cSaul Niño
_dSaul Niño
100 1 _aMauger, Gérard
_994304
245 1 3 _aLa revuelta de los suburbios franceses
_buna sociología de la actualidad
_cGérard Mauger
260 _a[Buenos Aires]
_bAntropofagia
_c2007
300 _a126 páginas
650 7 _aBarrios marginados
_zFrancia
_99952
650 7 _aJóvenes
_xAspectos sociales
_918088
650 7 _aJóvenes
_xAspectos políticos
_918088
650 7 _aJóvenes
_xAspectos religiosos
_918088
650 7 _aInsurgencia
_zFrancia
_917814
650 7 _aSociología
_9386
651 7 _aFrancia
_xRelaciones raciales
_994305
651 7 _aFrancia
_xCondiciones sociales
_967990
942 _2DEWEY
_a5
_cLIBRO
_e1
_h305.23
_mM449r
999 _c310713
_d310713